Contratación comercial moderna: actos y contratos preparatorios - promesa, opción - cierre de negocio - comisión - corretaje - representación comercial, leasing, licencias - know how - apertura de créditos

Wedi'i Gadw mewn:
Manylion Llyfryddiaeth
Prif Awdur: Puelma Accorsi, Alvaro (Awdur)
Fformat: Llyfr
Iaith:Sbaeneg
Cyhoeddwyd: Santiago Jurídica de Chile 1991
Pynciau:
Tagiau: Ychwanegu Tag
Dim Tagiau, Byddwch y cyntaf i dagio'r cofnod hwn!

MARC

LEADER 00000nam a2200000 a 4500
001 UCX9352
003 CL-VaPUC
008 940601e19910000CL |||||||||||||||||spa|d
020 |a 9561009446 
082 0 4 |a 346.02  |b PUE  |2 21 
100 0 |a Puelma Accorsi, Alvaro  |e author  |9 326738 
245 1 0 |a Contratación comercial moderna: actos y contratos preparatorios - promesa, opción - cierre de negocio - comisión - corretaje - representación comercial, leasing, licencias - know how - apertura de créditos 
300 |a 213 p 
942 |c BK 
945 |d 19940601 00:00:00  |a aalvarez 
260 |a Santiago  |b Jurídica de Chile  |c 1991 
650 0 |a Contratos  |9 255153 
651 7 |a CHILE  |2 CL-VaPUC  |9 326739 
583 |a last modification  |c 19940601 00:00:00  |k Rodrigo Vera 
999 |c 228621  |d 228619 
952 |0 0  |1 0  |4 0  |6 346_020000000000000_PUE_1991  |7 0  |8 A  |9 228899  |a BIBDER  |b BIBDER  |d 2019-11-15  |i 3087190  |o 346.02 PUE 1991  |p 3087190  |r 2023-01-25  |w 2019-11-15  |y BK  |k DER 
952 |0 0  |1 0  |4 0  |6 346_020000000000000_PUE_1991  |7 0  |8 A  |9 228900  |a BIBDER  |b BIBDER  |d 2019-11-15  |i 3087182  |o 346.02 PUE 1991  |p 3087182  |r 2023-01-25  |w 2019-11-15  |y BK  |k DER 
952 |0 0  |1 0  |4 0  |6 346_020000000000000_PUE_1991  |7 0  |8 A  |9 228901  |a BIBDER  |b BIBDER  |d 2019-11-15  |i 4009851  |o 346.02 PUE 1991  |p 4009851  |r 2023-01-25  |w 2019-11-15  |y BK  |k DER